00301nam a22001217a 4500003000400000005001700004008004100021020001500062040000700077082001100084100001300095245007100108OSt20220214113035.0220214b |||||||| |||| 00| 0 eng d a1853394572 cHU a627.52 aCornsish aModern Irrigation Technologes For Smallholders In Developing .....